000 00258nam a2200109Ia 4500
008 190216s9999||||xx |||||||||||||| ||und||
100 _aRam Prasad
245 0 _aHindi-Work Shop Practice
260 _bMac Millian And Com. Ltd
650 _aHindi
942 _cBK
999 _c15344
_d15344